Normal view
MARC view
- Rodríguez de Fraga, Abel
Entry Nombre Personal
001 - NUMERO DE CONTROL
- campo de control: 33743
003 - IDENTIFICADOR DE NUMERO DE CONTROL
- campo de control: UPN
005 - FECHA Y HORA DE LA ÜLTIMA TRANSACCIÓN
- campo de control: 20210219194445.0
008 - DATOS DE LONGITUD FIJA
- campo de control de longitud fija: nabaccnnaabn|||||||||| b |nc|||||d
035 ## - NUMERO DE CONTROL
- Número de control: UPN11000005850
040 ## - FUENTE DE CATALOGACIÓN
- Lenguaje de catalogación: SPA
- Agencia de transcripción: UPN
100 1# - ENCABEZAMIENTO - NOMBRE PERSONAL
- Nombre personal: Rodríguez de Fraga, Abel
670 ## - FUENTE EN LA QUE SE LOCALIZARON DATOS
- Cita de la fuente: T
- Uniform Resource Identifier: http://www2.itba.edu.ar/archivos/secciones/Abel_Rodriguez_de_Fraga.pdf
680 ## - NOTA PUBLICA DE ACCESO PÚBLICO
- Frase explicativa de la referencia: Técnico químico y psicólogo argentino especializado en la didáctica de la tecnología y la enseñanza técnica
902 ## - CATALOGADOR
- Catalogador: CAA/190613
